00281nam a2200109Ia 4500008004100000041000800041100004100049245002200090250001200112260003900124365000800163231011s9999 xx 000 0 und d aeng aRudiger Donbusch and Stanley Fischer aMacro - Economics a2000 7 bTata Mcgrawhill Pub Co, NewDelhi - b250